000 01074nam a22003257a 4500
001 831
005 20230711093918.0
008 230711b cb ||||| |||| 00| 0 eng d
020 _a0448415925 (pbk.)
020 _a0448417278 (gb)
040 _aDLC
_cDLC
_dDLC
_beng
050 0 0 _aPZ7.M47879
_bNe 1997
082 0 0 _a813.54
_221
100 1 _aMcMullan, Kate.
245 1 4 _aThe new kid at school /
_cby K.H. McMullan ; illustrated by Bill Basso.
250 _aFirst Scholastic printing, November 2003.
260 _aNew York :
_bScholastic,
_c2003.
300 _a109 pages :
_billustrations,
_c20 cm.
490 1 _aDragon Slayers' Academy ;
_vBook 1
505 _aJ
520 _aWiglaf is off to Dragon Slayers' Academy and in for a first day of school he will never forget.
521 _a500
_bLexile,
521 _aJ
_bRaz-Plus
650 1 _aDragons
_xFiction.
650 1 _aFirst day of school
_xFiction.
650 1 _aSchools
_xFiction.
700 1 _aBasso, Bill,
_eillustrator
906 _a7
_bcbc
_corignew
_d1
_eocip
_f19
_gy-gencatlg
942 _2ddc
_cBK
_n0
999 _c831
_d831